000 01484 a2200205 4500
020 _a032420325X
020 _a9780324203257
082 0 4 _a658.472
090 _c2732
_d2732
100 1 _aVibert, Conor.
245 1 0 _aCompetitive intelligence :
_ba framework for web-based analysis and decision making /
_cConor Vibert.
250 _a1st ed.
260 _a[S.l.] :
_bSouth-Western Educational Pub,
_c2003.
300 _a264 p. ;
_c24 cm.
500 _aHardcover.
520 _aManagers constantly face uncertainty as they attempt to make decisions in a complex and competitive environment. In Competitive Intelligence: A Framework for Web-Based Analysis and Decision Making, Conor Vibert gives the research professional a complete and reliable framework for collecting and analyzing information that will give managers confidence in any situation. Competitive Intelligence uniquely introduces the study of organizational tyeory and strategy into the competitive intelligence process to improve the effectiveness of comopetitive intelligence programs. Using Vibert's research missions, Internet search and analysis toos, and the analytical framework, researchers will have all they need to run an effective knowledge management program in an organization.
856 4 0 _3Amazon.com
_uhttp://www.amazon.com/exec/obidos/ASIN/032420325X/chopaconline-20
856 4 0 _3Amazon customer reviews
_uhttp://www.chopac.org/cgi-bin/tools/azrev.pl?q=032420325X
942 _aNBS
_cBK
_k658.472 VIB
999 _c345223
_d345223